000 00599nam a2200169 4500
999 _c14469
_d14469
008 190926b ||||| |||| 00| 0 eng d
020 _a978-0-7818-1388-4
082 _22019
_aDC 495.6824
_bR248
100 _aRedmond, Joanne
_939957
245 _aBeginner's Japanese :
_bwith online audio/
_cJoanne Redmond.
260 _aNew York:
_bHippocrene Books, Inc.,
_c2019.
300 _axix, 292 pages :
_billustrations ;
_c21 cm.
_eonline audio
500 _aIncludes index.
650 _aJapanese language -- Textbooks for foreign speakers -- English.
_939958
365 _b1.995.00
_cPhp
942 _2ddc
_cDC